Binding models concerning natural organic substances in performance assessment : proceedings of an NEA workshop organised in co-operation with the Paul Scherrer Institute : Bad Zurzach, Switzerland, 14-16 September 1994.

Αποθηκεύτηκε σε:
Λεπτομέρειες βιβλιογραφικής εγγραφής
Συλλογικό Έργο: OECD Nuclear Energy Agency, Paul Scherrer Institut
Μορφή: Βιβλίο
Γλώσσα:English
Δημοσίευση: Paris : Nuclear Energy Agency, Organisation for Economic Co-operation and Development, c1995.
Σειρά:OECD documents
Θέματα:
Ετικέτες: Προσθήκη ετικέτας
Δεν υπάρχουν, Καταχωρήστε ετικέτα πρώτοι!

MARC

LEADER 00000cam a2200000 i 4500
001 1/3360
008 960318s1995 fr | ||| |||| ||eng||
020 |a 9264145273 
035 |l 10015192 
040 |a GR-MyUa  |b gre  |e AACR2 
041 0 |a eng 
082 7 |a 621.4838   |2 (22) 
245 0 0 |a Binding models concerning natural organic substances in performance assessment :   |b proceedings of an NEA workshop organised in co-operation with the Paul Scherrer Institute : Bad Zurzach, Switzerland, 14-16 September 1994. 
260 |a Paris :   |b Nuclear Energy Agency, Organisation for Economic Co-operation and Development,   |c c1995. 
300 |a 320 σ. ;   |c 27 εκ. 
490 1 |a (OECD documents) 
504 |a Περιλαμβάνει βιβλιογραφικές παραπομπές. 
650 0 0 |a Radioactive waste disposal in the ground  |x Environmental aspects  |x Congresses. 
650 0 0 |a Organic acids  |x Reactivity  |x Mathematical models  |x Congresses. 
650 0 0 |a Ligand binding (Biochemistry)  |x Mathematical models  |x Congresses. 
710 2 |a OECD Nuclear Energy Agency. 
710 2 |a Paul Scherrer Institut. 
830 0 |a OECD documents 
852 |a INST  |b LESVOS  |e 19960318  |h 621.4838 BIN  |p 005100006805  |q 005100006805  |t BK  |y 0